El surgimiento de la antropología posmoderna

Gespeichert in:
Bibliographische Detailangaben
Hauptverfasser: Geertz, Clifford (VerfasserIn), Reynoso, Carlos (VerfasserIn)
Format: Buch
Sprache:Spanisch
Veröffentlicht: Barcelona Gedisa 2003
Ausgabe:5a. ed
Schriftenreihe:Colección Antrolopolía
Schlagworte:
Tags: Tag hinzufügen
Keine Tags, Fügen Sie den ersten Tag hinzu!

MARC

LEADER 00000nam a2200000 a 4500
001 UCL3083
003 CL-VaPUC
008 031114e20030000SP |||||||||||||||||spa|d
020 |a 8474324475 
082 0 4 |a 301  |b GEE  |2 21 
100 |a Geertz, Clifford  |e author  |9 524021 
700 0 |a Reynoso, Carlos  |e author  |9 480291 
245 1 3 |a El surgimiento de la antropología posmoderna 
250 |a 5a. ed 
300 |a 334 p 
942 |c BK 
945 |d 20031114 00:00:00  |a cmena 
260 |a Barcelona  |b Gedisa  |c 2003 
650 0 |a Antropología   |9 233030 
583 |a last modification  |c 20031114 00:00:00  |k Rodrigo Vera 
490 0 |a Colección Antrolopolía 
999 |c 306216  |d 306214 
952 |0 0  |1 0  |4 0  |6 301_000000000000000_GEE_2003  |7 0  |8 A  |9 371060  |a FDOPOS  |b FDOPOS  |d 2019-11-21  |i 3962431  |o 301 GEE 2003  |p 3962431  |r 2025-01-22  |w 2019-11-21  |y BK  |k MLA 
952 |0 0  |1 0  |4 0  |6 301_000000000000000_GEE_2003  |7 0  |8 R  |9 371061  |a BIBGIM  |b BIBGIM  |d 2019-11-21  |i 4115074  |o 301 GEE 2003  |p 4115074  |r 2025-01-15  |w 2019-11-21  |y BK_R  |k SSL 
952 |0 0  |1 0  |4 0  |6 301_000000000000000_GEE_2003  |7 0  |8 A  |9 371062  |a BIBEDU  |b BIBEDU  |d 2019-11-21  |i 4418719  |o 301 GEE 2003  |p 4418719  |r 2019-11-21  |w 2019-11-21  |y BK  |k FIL 
952 |0 0  |1 0  |4 0  |6 301_000000000000000_GEE_2003  |7 0  |8 R  |9 371063  |a BIBGIM  |b BIBGIM  |d 2019-11-21  |i 4503643  |o 301 GEE 2003  |p 4503643  |r 2025-01-15  |w 2019-11-21  |y BK_R  |k SSL 
952 |0 0  |1 0  |4 0  |6 301_000000000000000_GEE_2003  |7 0  |8 A  |9 371064  |a BIBCUR  |b BIBCUR  |d 2019-11-21  |i 4562569  |o 301 GEE 2003  |p 4562569  |r 2025-04-22  |w 2019-11-21  |y BK  |k PER